00745aas a2200205 4500952009000000999001700090001001000107003001000117005001700127008004100144022001400185040004100199041000800240100002200248245007100270300006100341546002200402773010700424942000800531 001040708HEMaFUSBCbFUSBCd2016-01-26l0o r2016-01-26 00:00:00w2016-01-26yANA c61483d61483768714001CO-MdFUSB20170831115858.0170831s2006 xxu||||| |||| 00| 0 eng d a0120-3649 aCO-MdFUSBbspacCO-MdFUSBdCO-MdFUSB aeng1 aPorat, Roieautor10aFleeing the Romans : bjudean refugees hide in cavesc/ Porat, Roi aVolumen 32. Número 2 (2006), páginas 60-63c: 28 cm. aTexto en inglés0 tBiblical Archaeology Review049395959449gVolumen 32. Número 2 (2006), páginas 60-63qPágina 60 cANA